| 000 | 00468nam a2200157 a 4500 | ||
|---|---|---|---|
| 001 | 000032123 | ||
| 005 | 20200930063441.0 | ||
| 008 | 110712nuuuuuuuudr 000 | spa d | ||
| 040 |
_aDO-SdBNP _bspa _cBNPHU |
||
| 082 |
_axxx _bB496m |
||
| 100 | 1 |
_aBergés Bordas, Domingo Octavio _92551 |
|
| 245 | 1 | 0 |
_aManual del aspirante a periodista / _cDomingo Octavio Bergés Bordas. |
| 260 |
_aSanto Domingo : _b[s.n.], _c[19--?]. |
||
| 300 |
_a47 p. ; : _b21 cm. |
||
| 049 | _aBNPD | ||
| 999 |
_c31614 _d31614 |
||